| Tag |
First Indicator |
Second Indicator |
Subfields |
| LEADER |
00000cam a2200000 a 4500 |
| 001 |
in00000982021 |
| 005 |
20150927112301.0 |
| 008 |
750929s1856 pau 00010 eng d |
| 010 |
|
|
|a 07036546
|
| 035 |
|
|
|a (OCoLC)01662049
|
| 035 |
|
|
|9 AEW3747AM
|
| 040 |
|
|
|a KSU
|c KSU
|d m.c.
|d OCL
|d m/c
|d PIT
|d TXA
|d UtOrBLW
|
| 043 |
|
|
|a n-usm--
|a n-uso--
|
| 049 |
|
|
|a TXAS [mil]
|
| 090 |
|
|
|a F351
|b .P463 1856
|
| 100 |
1 |
|
|a Perkins, James H.
|q (James Handasyd),
|d 1810-1849.
|
| 245 |
1 |
0 |
|a Annals of the West :
|b embracing a concise account of principal events which have occurred in the western states and territories, from the discovery of the Mississippi Valley to the year eighteen hundred and fifty-six /
|c compiled from the most authentic sources, and published by James R. Albach.
|
| 250 |
|
|
|a [3rd ed.].
|
| 264 |
|
1 |
|a Pittsburgh :
|b W. S. Haven, printer,
|c 1856.
|
| 300 |
|
|
|a 1016 pages ;
|c 24 cm.
|
| 336 |
|
|
|a text
|b txt
|2 rdacontent
|
| 337 |
|
|
|a unmediated
|b n
|2 rdamedia
|
| 338 |
|
|
|a volume
|b nc
|2 rdacarrier
|
| 500 |
|
|
|a Title page wanting.
|
| 500 |
|
|
|a Binder's title: Western annals.
|
| 651 |
|
0 |
|a Mississippi River Valley
|x History.
|
| 651 |
|
0 |
|a Northwest, Old
|x History.
|
| 651 |
|
0 |
|a Ohio River Valley
|x History.
|
| 650 |
|
0 |
|a Indians of North America
|x Wars.
|
| 700 |
1 |
|
|a Peck, John Mason,
|d 1789-1858.
|
| 740 |
0 |
|
|a Western annals.
|
| 999 |
|
|
|a MARS
|
| 999 |
f |
f |
|s 1d37caea-1026-31d4-81c9-da4c6b79461c
|i 5b20e0b6-2877-32ea-b089-4d96f001e034
|t 0
|
| 952 |
f |
f |
|p noncirc
|a Texas A&M University
|b College Station
|c Cushing Memorial Library & Archives
|d Cushing: Ragan Military (Does not check out)
|t 0
|e F351 .P463 1856
|h Library of Congress classification
|i unmediated -- volume
|
| 998 |
f |
f |
|a F351 .P463 1856
|t 0
|l Cushing: Ragan Military (Does not check out)
|